Normal view
MARC view
Entry Uniform Title
001 - CONTROL NUMBER
- control field: 27760
003 - CONTROL NUMBER IDENTIFIER
- control field: dpl
005 - DATE AND TIME OF LATEST TRANSACTION
- control field: 20110506111413.0
008 - FIXED-LENGTH DATA ELEMENTS
- fixed length control field: 110506|||a|||||| | ||| d
040 ## - CATALOGING SOURCE
- Original cataloging agency: dpl
- Transcribing agency: dpl
130 ## - HEADING--UNIFORM TITLE
- Uniform title: लोकोदय ग्रंथमालाःग्रन्थांक 1065 / रवीन्द्र कालिया द्वारा संपादित
670 ## - SOURCE DATA FOUND
- Source citation: Work cat.: (dpl): 27526 वर्मा, सुरेन्द्र, मुझे चाँद चाहिए /, 2011
670 ## - SOURCE DATA FOUND
- Source citation: Work cat.: (dpl): 27526 वर्मा, सुरेन्द्र, मुझे चाँद चाहिए /, 2011
